Skip to main content
Your cart is empty.
Your lists
Log in to create your own lists
Your cookies
العربية
English
العربية
Home
Search
Advanced search
Authority search
About
The noble scholar, jurist, historian
His Excellency Dr. Abdul Wahhab bin Ibrahim Abu Sulaiman, may Allah have mercy on him.
He was born in Umm Al-Qura in the year 1356 AH.
Library catalog
Title
Author
Subject
ISBN
ISSN
Series
Call number
Log in to your account
×
Login:
Password:
Home
MARC view: في ظلال الحرمين /
Normal view
MARC view
ISBD view
في ظلال الحرمين / (Record no. 3364)
[
view plain
]
MARC details
000 -LEADER
fixed length control field
02009cam a2200373 i 4500
003 - CONTROL NUMBER IDENTIFIER
control field
SA-RiAUC
005 - DATE AND TIME OF LATEST TRANSACTION
control field
20241212054323.0
008 - FIXED-LENGTH DATA ELEMENTS--GENERAL INFORMATION
fixed length control field
241211s1978 ua a g b f001 0 ara c
020 ## - INTERNATIONAL STANDARD BOOK NUMBER
International Standard Book Number
9772474026
020 ## - INTERNATIONAL STANDARD BOOK NUMBER
Canceled/invalid ISBN
9776402247
024 0# - OTHER STANDARD IDENTIFIER
Standard number or code
00000000736794
040 ## - CATALOGING SOURCE
Original cataloging agency
AE-DuMBRL
Language of cataloging
ara
Transcribing agency
SA-RiAUC
Description conventions
rda
050 #4 - LIBRARY OF CONGRESS CALL NUMBER
Item number
.H58 1978
050 14 - LIBRARY OF CONGRESS CALL NUMBER
Item number
.H3788 1978
082 04 - DEWEY DECIMAL CLASSIFICATION NUMBER
Classification number
252.5
Assigning agency
SA-RiAUC
090 ## - LOCALLY ASSIGNED LC-TYPE CALL NUMBER (OCLC); LOCAL CALL NUMBER (RLIN)
Classification number (OCLC) (R) ; Classification number, CALL (RLIN) (NR)
252.5
Local cutter number (OCLC) ; Book number/undivided call number, CALL (RLIN)
ح ت هـ
100 1# - MAIN ENTRY--PERSONAL NAME
Personal name
حته، محمد كامل،
Dates associated with a name
1912-1985
Relator term
مؤلف.
245 10 - TITLE STATEMENT
Title
في ظلال الحرمين /
Statement of responsibility, etc.
محمد كامل حتة.
264 #1 - PRODUCTION, PUBLICATION, DISTRIBUTION, MANUFACTURE, AND COPYRIGHT NOTICE
Place of production, publication, distribution, manufacture
القاهرة :
Name of producer, publisher, distributor, manufacturer
دار المعارف،
Date of production, publication, distribution, manufacture, or copyright notice
[1978]
300 ## - PHYSICAL DESCRIPTION
Extent
447 صفحة :
Other physical details
إيضاحيات ؛
Dimensions
24 × 17 سم
336 ## - CONTENT TYPE
Content type term
نص
Content type code
txt
Source
rdacontent
Materials specified
كتاب
337 ## - MEDIA TYPE
Media type term
بدون وسيط
Media type code
n
Source
rdamedia
338 ## - CARRIER TYPE
Carrier type term
مجلد
Carrier type code
nc
Source
rdacarrier
500 ## - GENERAL NOTE
General note
تصميم الغلاف : نادية النحاس.
500 ## - GENERAL NOTE
General note
كشاف : صفحة 437-440.
504 ## - BIBLIOGRAPHY, ETC. NOTE
Bibliography, etc. note
ببليوجرافية : صفحة 441-442.
520 ## - SUMMARY, ETC.
Summary, etc.
كتاب "في ظلال الحرمين" تأليف محمد كامل حته أدى المؤلف محمد كامل حته الحج في الأعوام الهجرية 1371 1373 1375 1392 مسجلا ذكرياته عن هذه الحجات الأربع في كتابه "في ظلال الحرمين" موضحا أن تبقى كل حجة على الصورة التي دونها في حينه "لتكون صورة أمينة في التعبير عن انطباعاتي ودراساتي في ذلك الحين ولتبدو من خلال تتابع هذه الصور في كل رحلة حركة التاريخ وانطلاقة الحياة وتطور المجتمع على أرض المعجزات.
610 27 - SUBJECT ADDED ENTRY--CORPORATE NAME
Corporate name or jurisdiction name as entry element
المسجد الحرام
Source of heading or term
aucnm
610 27 - SUBJECT ADDED ENTRY--CORPORATE NAME
Corporate name or jurisdiction name as entry element
المسجد النبوي الشريف
Source of heading or term
aucnm
650 #7 - SUBJECT ADDED ENTRY--TOPICAL TERM
Topical term or geographic name entry element
الحج
Source of heading or term
aucsh
651 #7 - SUBJECT ADDED ENTRY--GEOGRAPHIC NAME
Geographic name
الحجاز (السعودية)
General subdivision
وصف ورحلات
Source of heading or term
aucsh
942 ## - ADDED ENTRY ELEMENTS (KOHA)
Source of classification or shelving scheme
Dewey Decimal Classification
Koha item type
Books
Suppress in OPAC
No
949 ## - LOCAL PROCESSING INFORMATION (OCLC)
a
SA-JeALM
d
241211
u
osman123
n
1
Holdings
Withdrawn status
Lost status
Source of classification or shelving scheme
Damaged status
Not for loan
Home library
Current library
Date acquired
Total checkouts
Full call number
Barcode
Date last seen
Price effective from
Koha item type
Dewey Decimal Classification
DR AbdElwahab Library
DR AbdElwahab Library
12/12/2024
252.5 ح ت هـ
000005304
12/12/2024
12/12/2024
Books
Place hold
Print
Add to your cart
(remove)
Save record
BIBTEX
Dublin Core
MARCXML
MARC (non-Unicode/MARC-8)
MARC (Unicode/UTF-8)
MARC (Unicode/UTF-8, Standard)
MODS (XML)
RIS
ISBD
More searches
Search for this title in:
Other Libraries (WorldCat)
Other Databases (Google Scholar)
Online Stores (Bookfinder.com)
Open Library (openlibrary.org)
Exporting to Dublin Core...
×
Simple DC-RDF
OAI-DC
SRW-DC